[Event "DEM U14 2018"]
[Site "Willingen GER"]
[Date "2018.05.24"]
[Round "7"]
[White "Popist, Florian"]
[Black "Dahl, Christoph"]
[Result "0-1"]
[Termination "normal"]
[Board "11"]
[WhiteElo "1850"]
[BlackElo "1965"]
[WhiteClock "00:22:41"]
[BlackClock "00:26:41"]
[PlyCount "108"]
[WhiteFideId "16203518"]
[BlackFideId "16240235"]
[EventCountry "GER"]
[EventRounds "9"]
[EventType "swiss"]
[EventDate "2018.05.19"]

1. e4 {[%clk 1:30:57]} 1... e5 {[%clk 1:30:49]} 2. Nf3 {[%clk 1:31:17]} 2...
Nc6 {[%clk 1:31:05]} 3. d4 {[%clk 1:31:38]} 3... exd4 {[%clk 1:31:10]} 4. Nxd4
{[%clk 1:31:39]} 4... Bc5 {[%clk 1:31:11]} 5. Nxc6 {[%clk 1:31:59]} 5... Qf6 {
[%clk 1:31:18]} 6. Qf3 {[%clk 1:32:20]} 6... bxc6 {[%clk 1:31:25]} 7. Nc3 {
[%clk 1:31:58]} 7... Bd4 {[%clk 1:29:18]} 8. Bc4 {[%clk 1:29:58]} 8... Ne7 {
[%clk 1:26:48]} 9. Qxf6 {[%clk 1:25:20]} 9... Bxf6 {[%clk 1:27:11]} 10. Bf4 {
[%clk 1:24:57]} 10... d6 {[%clk 1:26:47]} 11. O-O-O {[%clk 1:25:03]} 11... Be6
{[%clk 1:25:34]} 12. Bxe6 {[%clk 1:23:35]} 12... fxe6 {[%clk 1:25:55]} 13. e5 {
[%clk 1:22:29]} 13... dxe5 {[%clk 1:23:52]} 14. Bg3 {[%clk 1:22:26]} 14... Nd5
{[%clk 1:22:21]} 15. Ne4 {[%clk 1:12:01]} 15... Ke7 {[%clk 1:17:00]} 16. Rhe1 {
[%clk 1:10:31]} 16... Rab8 {[%clk 1:13:21]} 17. c3 {[%clk 1:04:54]} 17... Rhd8
{[%clk 1:02:51]} 18. Nc5 {[%clk 1:00:42]} 18... Rb5 {[%clk 0:46:34]} 19. Nd3 {
[%clk 0:57:07]} 19... Nf4 {[%clk 0:28:53]} 20. Bxf4 {[%clk 0:43:36]} 20... exf4
{[%clk 0:29:11]} 21. Kc2 {[%clk 0:43:44]} 21... g5 {[%clk 0:19:09]} 22. c4 {
[%clk 0:41:52]} 22... Rb6 {[%clk 0:17:30]} 23. b3 {[%clk 0:40:59]} 23... Bd4 {
[%clk 0:15:16]} 24. c5 {[%clk 0:31:12]} 24... Rb5 {[%clk 0:10:33]} 25. Re2 {
[%clk 0:30:58]} 25... Kf6 {[%clk 0:10:00]} 26. Rde1 {[%clk 0:30:12]} 26... e5 {
[%clk 0:03:38]} 27. Nxe5 {[%clk 0:28:33]} 27... Rxc5+ {[%clk 0:03:05]} 28. Nc4
{[%clk 0:28:37]} 28... Kf5 {[%clk 0:02:45]} 29. Re7 {[%clk 0:23:42]} 29... Bxf2
{[%clk 0:02:45]} 30. Rf7+ {[%clk 0:23:35]} 30... Kg6 {[%clk 0:02:35]} 31. Ree7
{[%clk 0:23:40]} 31... h5 {[%clk 0:02:13]} 32. Rxc7 {[%clk 0:17:23]} 32... Bd4
{[%clk 0:01:32]} 33. Rfe7 {[%clk 0:13:14]} 33... g4 {[%clk 0:01:30]} 34. Re6+ {
[%clk 0:10:49]} 34... Kf5 {[%clk 0:01:53]} 35. Re1 {[%clk 0:05:34]} 35... Kf6 {
[%clk 0:01:31]} 36. Rf1 {[%clk 0:04:01]} 36... Kg5 {[%clk 0:01:32]} 37. Re7 {
[%clk 0:02:41]} 37... Rf5 {[%clk 0:01:16]} 38. Re6 {[%clk 0:02:22]} 38... f3 {
[%clk 0:01:30]} 39. gxf3 {[%clk 0:00:35]} 39... Rxf3 {[%clk 0:01:52]} 40. Rd1 {
[%clk 0:00:31]} 40... Rf2+ {[%clk 0:02:03]} 41. Rd2 {[%clk 0:01:01]} 41... h4 {
[%clk 0:02:02]} 42. Nd6 {[%clk 0:26:50]} 42... Rxd2+ {[%clk 0:32:08]} 43. Kxd2
{[%clk 0:27:18]} 43... Bg1 {[%clk 0:31:21]} 44. Ke2 {[%clk 0:27:18]} 44... Rf8
{[%clk 0:31:39]} 45. Re5+ {[%clk 0:26:53]} 45... Kg6 {[%clk 0:31:46]} 46. Ne4 {
[%clk 0:27:08]} 46... Rf4 {[%clk 0:31:28]} 47. h3 {[%clk 0:25:40]} 47... g3 {
[%clk 0:31:26]} 48. Kd3 {[%clk 0:25:07]} 48... Bb6 {[%clk 0:30:03]} 49. Rg5+ {
[%clk 0:23:44]} 49... Kh6 {[%clk 0:27:50]} 50. Rg8 {[%clk 0:24:06]} 50... Kh7 {
[%clk 0:27:30]} 51. Rg5 {[%clk 0:22:38]} 51... Bd8 {[%clk 0:27:38]} 52. Rh5+ {
[%clk 0:22:38]} 52... Kg7 {[%clk 0:27:07]} 53. Ng5 {[%clk 0:22:20]} 53... g2 {
[%clk 0:26:17]} 54. Ne6+ {[%clk 0:22:41]} 54... Kg8 {[%clk 0:26:41]} 0-1

[Event "DEM U14 2018"]
[Site "Willingen GER"]
[Date "2018.05.24"]
[Round "7"]
[White "Hoffmann, Simon"]
[Black "Astner, Sebastian"]
[Result "1/2-1/2"]
[Termination "normal"]
[Board "13"]
[WhiteElo "1760"]
[BlackElo "1860"]
[WhiteClock "00:01:46"]
[BlackClock "00:06:27"]
[PlyCount "130"]
[WhiteFideId "12979686"]
[BlackFideId "12979422"]
[EventCountry "GER"]
[EventRounds "9"]
[EventType "swiss"]
[EventDate "2018.05.19"]

1. e4 {[%clk 1:30:58]} 1... Nc6 {[%clk 1:30:54]} 2. Nf3 {[%clk 1:30:58]} 2...
Nf6 {[%clk 1:31:15]} 3. e5 {[%clk 1:29:43]} 3... Nd5 {[%clk 1:31:31]} 4. d4 {
[%clk 1:29:09]} 4... d6 {[%clk 1:31:41]} 5. c4 {[%clk 1:28:30]} 5... Nb6 {
[%clk 1:31:58]} 6. exd6 {[%clk 1:28:04]} 6... exd6 {[%clk 1:32:15]} 7. h3 {
[%clk 1:24:18]} 7... Be7 {[%clk 1:31:24]} 8. Bd3 {[%clk 1:23:51]} 8... O-O {
[%clk 1:30:19]} 9. O-O {[%clk 1:24:08]} 9... Bf6 {[%clk 1:29:09]} 10. Be3 {
[%clk 1:23:15]} 10... Nb4 {[%clk 1:22:11]} 11. Nc3 {[%clk 1:21:37]} 11... Nxd3
{[%clk 1:19:39]} 12. Qxd3 {[%clk 1:21:53]} 12... d5 {[%clk 1:12:10]} 13. b3 {
[%clk 1:18:04]} 13... Be6 {[%clk 1:03:28]} 14. c5 {[%clk 1:13:51]} 14... Nc8 {
[%clk 1:01:42]} 15. Bf4 {[%clk 1:12:38]} 15... a6 {[%clk 0:58:51]} 16. Ne2 {
[%clk 1:11:42]} 16... Ne7 {[%clk 0:54:47]} 17. Ng3 {[%clk 1:09:37]} 17... Ng6 {
[%clk 0:48:09]} 18. Nh5 {[%clk 1:06:42]} 18... Nxf4 {[%clk 0:44:04]} 19. Nxf4 {
[%clk 1:07:04]} 19... Re8 {[%clk 0:42:43]} 20. Rfe1 {[%clk 1:04:44]} 20... Qd7
{[%clk 0:38:54]} 21. Nh5 {[%clk 1:00:50]} 21... Qd8 {[%clk 0:33:15]} 22. Nxf6+
{[%clk 0:54:56]} 22... Qxf6 {[%clk 0:33:35]} 23. Re5 {[%clk 0:55:12]} 23... h6
{[%clk 0:29:32]} 24. Rae1 {[%clk 0:53:49]} 24... c6 {[%clk 0:28:13]} 25. R5e3 {
[%clk 0:51:41]} 25... Re7 {[%clk 0:22:37]} 26. Ne5 {[%clk 0:50:15]} 26... Bf5 {
[%clk 0:12:53]} 27. Qc3 {[%clk 0:46:57]} 27... Rae8 {[%clk 0:11:28]} 28. Rf3 {
[%clk 0:31:25]} 28... Qe6 {[%clk 0:10:17]} 29. Rfe3 {[%clk 0:27:21]} 29... Qc8
{[%clk 0:09:20]} 30. b4 {[%clk 0:26:02]} 30... f6 {[%clk 0:08:19]} 31. Nf3 {
[%clk 0:25:24]} 31... Rxe3 {[%clk 0:08:13]} 32. Rxe3 {[%clk 0:25:49]} 32... Kf7
{[%clk 0:08:04]} 33. a4 {[%clk 0:21:18]} 33... Re6 {[%clk 0:07:00]} 34. Qb3 {
[%clk 0:20:59]} 34... Qe8 {[%clk 0:06:40]} 35. Rxe6 {[%clk 0:17:55]} 35... Qxe6
{[%clk 0:06:37]} 36. b5 {[%clk 0:17:50]} 36... axb5 {[%clk 0:06:49]} 37. axb5 {
[%clk 0:18:08]} 37... Be4 {[%clk 0:06:09]} 38. bxc6 {[%clk 0:14:51]} 38... bxc6
{[%clk 0:06:24]} 39. Qb7+ {[%clk 0:14:19]} 39... Kg6 {[%clk 0:05:56]} 40. Nh4+
{[%clk 0:12:06]} 40... Kh7 {[%clk 0:05:56]} 41. Qb3 {[%clk 0:09:05]} 41... Bf5
{[%clk 0:03:22]} 42. Kf1 {[%clk 0:02:17]} 42... Qe4 {[%clk 0:01:28]} 43. Nf3 {
[%clk 0:30:02]} 43... Qf4 {[%clk 0:30:26]} 44. Qe3 {[%clk 0:29:22]} 44... Qb8 {
[%clk 0:26:24]} 45. Nd2 {[%clk 0:27:16]} 45... Qb2 {[%clk 0:25:43]} 46. f3 {
[%clk 0:26:38]} 46... Qc1+ {[%clk 0:24:41]} 47. Kf2 {[%clk 0:26:55]} 47... Qb2
{[%clk 0:23:39]} 48. Qf4 {[%clk 0:25:28]} 48... Bd3 {[%clk 0:22:34]} 49. Qe3 {
[%clk 0:23:01]} 49... Bf5 {[%clk 0:22:36]} 50. g4 {[%clk 0:23:16]} 50... Bg6 {
[%clk 0:21:06]} 51. h4 {[%clk 0:22:35]} 51... Qa1 {[%clk 0:20:03]} 52. Kg2 {
[%clk 0:22:23]} 52... Qb2 {[%clk 0:18:33]} 53. f4 {[%clk 0:20:59]} 53... Be4+ {
[%clk 0:18:04]} 54. Kg3 {[%clk 0:21:20]} 54... f5 {[%clk 0:17:34]} 55. h5 {
[%clk 0:16:27]} 55... Qc2 {[%clk 0:16:07]} 56. g5 {[%clk 0:14:41]} 56... g6 {
[%clk 0:13:51]} 57. Qb3 {[%clk 0:08:46]} 57... Qd3+ {[%clk 0:08:09]} 58. Qxd3 {
[%clk 0:08:29]} 58... Bxd3 {[%clk 0:08:32]} 59. hxg6+ {[%clk 0:08:03]} 59...
Kxg6 {[%clk 0:08:42]} 60. Nf3 {[%clk 0:08:12]} 60... Bb5 {[%clk 0:08:47]} 61.
Ne5+ {[%clk 0:08:14]} 61... Kg7 {[%clk 0:08:54]} 62. Kh4 {[%clk 0:07:16]} 62...
Ba4 {[%clk 0:07:55]} 63. Kg3 {[%clk 0:05:04]} 63... Bb5 {[%clk 0:07:16]} 64.
Kh4 {[%clk 0:02:36]} 64... Ba4 {[%clk 0:07:31]} 65. Nd7 {[%clk 0:01:46]} 65...
Bb5 {[%clk 0:06:27]} 1/2-1/2

[Event "DEM U14 2018"]
[Site "Willingen GER"]
[Date "2018.05.24"]
[Round "7"]
[White "Jeschke, Jan"]
[Black "Haller, Luis"]
[Result "0-1"]
[Termination "normal"]
[Board "14"]
[WhiteElo "1356"]
[BlackElo "1711"]
[WhiteClock "00:41:14"]
[BlackClock "00:02:22"]
[PlyCount "50"]
[WhiteFideId "16225430"]
[BlackFideId "16209826"]
[EventCountry "GER"]
[EventRounds "9"]
[EventType "swiss"]
[EventDate "2018.05.19"]

1. Nf3 f5 2. d3 Nc6 3. e4 e5 4. exf5 d5 5. Bg5 Be7 6. Bxe7 Ngxe7 7. g4 h5 8.
Nh4 Qd6 9. Nc3 Qf6 10. Ng6 Nxg6 11. fxg6 Bxg4 12. Be2 Bxe2 13. Qxe2 O-O-O 14.
O-O-O Qxg6 15. Rhg1 Qf7 16. Kb1 Rhf8 17. Rg2 Rde8 18. Rdg1 Nd4 19. Qe3 Rg8 20.
Rg6 Nf3 21. Qxa7 Nxg1 22. Rxg1 c6 23. Na4 Kc7 24. Nc5 Kd6 25. Nxb7+ Ke7 0-1

[Event "DEM U14 2018"]
[Site "Willingen GER"]
[Date "2018.05.24"]
[Round "7"]
[White "Simukov, Erik"]
[Black "Hinrichs, Paul"]
[Result "1-0"]
[Termination "normal"]
[Board "16"]
[WhiteElo "1750"]
[BlackElo "1928"]
[PlyCount "37"]
[WhiteFideId "12995380"]
[BlackFideId "12942545"]
[EventCountry "GER"]
[EventRounds "9"]
[EventType "swiss"]
[EventDate "2018.05.19"]

1. e4 e5 2. Nf3 Nc6 3. Bb5 a6 4. Ba4 Nf6 5. O-O b5 6. Bb3 Be7 7. d4 Nxd4 8.
Nxd4 exd4 9. e5 O-O 10. exf6 Bxf6 11. c3 dxc3 12. Nxc3 Bb7 13. Nd5 d6 14. Qc2
c5 15. Qf5 Be5 16. Bg5 Qe8 17. Ne7+ Kh8 18. Bc2 g6 19. Qf6+ 1-0

[Event "DEM U14 2018"]
[Site "Willingen GER"]
[Date "2018.05.24"]
[Round "7"]
[White "Kamp, Adrian"]
[Black "Morgenstern, Tobias"]
[Result "0-1"]
[Termination "normal"]
[Board "17"]
[WhiteElo "1827"]
[BlackElo "1730"]
[PlyCount "80"]
[WhiteFideId "16222466"]
[BlackFideId "12974390"]
[EventCountry "GER"]
[EventRounds "9"]
[EventType "swiss"]
[EventDate "2018.05.19"]

1. e4 e5 2. d4 exd4 3. Nf3 Bc5 4. Bc4 Nf6 5. e5 d5 6. Bb5+ Bd7 7. Bxd7+ Nfxd7
8. Bg5 f6 9. Bh4 O-O 10. O-O Qe8 11. exf6 Nxf6 12. Re1 Qh5 13. Nbd2 Nc6 14. Nb3
Bb6 15. Bxf6 Rxf6 16. Qe2 Raf8 17. Rad1 Rh6 18. h3 Rg6 19. Kf1 Rgf6 20. Kg1 Qg6
21. Kh2 Nd8 22. Nbxd4 c5 23. Ne5 Bc7 24. Ndf3 Rxf3 25. gxf3 Nc6 26. Rxd5 Bxe5+
27. Rxe5 Nd4 28. Qc4+ Kh8 29. Qd5 h6 30. Qxc5 Nxf3+ 31. Kh1 Rg8 32. Re8 Qf7 33.
R1e2 Qf4 34. Qd6 Qc1+ 35. Kg2 Nh4+ 36. Kh2 Nf3+ 37. Kg3 Nh4 38. Qf4 Qg1+ 39.
Kxh4 g5+ 40. Kh5 gxf4 0-1

[Event "DEM U14 2018"]
[Site "Willingen GER"]
[Date "2018.05.24"]
[Round "7"]
[White "Reimer, Philip"]
[Black "Arakelian, Aik"]
[Result "0-1"]
[Termination "normal"]
[Board "18"]
[WhiteElo "1580"]
[BlackElo "1932"]
[PlyCount "48"]
[WhiteFideId "16235860"]
[BlackFideId "16220340"]
[EventCountry "GER"]
[EventRounds "9"]
[EventType "swiss"]
[EventDate "2018.05.19"]

1. e4 c5 2. Nf3 e6 3. d4 cxd4 4. Nxd4 Nc6 5. Nc3 Qc7 6. Be3 a6 7. Qf3 Ne5 8.
Qg3 Nf6 9. O-O-O b5 10. f4 Nc4 11. Bxc4 Qxc4 12. e5 Nd5 13. Nxd5 exd5 14. Kb1
Bb7 15. Nf5 O-O-O 16. Bb6 Re8 17. Ba7 Re6 18. Rd3 b4 19. c3 Rg6 20. Qe3 Rxg2
21. Ng3 b3 22. Rd4 bxa2+ 23. Ka1 Qb3 24. Rb4 Bxb4 0-1

[Event "DEM U14 2018"]
[Site "Willingen GER"]
[Date "2018.05.24"]
[Round "7"]
[White "Hetzner, Hannes"]
[Black "Block, Timo"]
[Result "0-1"]
[Termination "normal"]
[Board "19"]
[WhiteElo "1868"]
[BlackElo "1769"]
[PlyCount "88"]
[WhiteFideId "16211936"]
[BlackFideId "16201116"]
[EventCountry "GER"]
[EventRounds "9"]
[EventType "swiss"]
[EventDate "2018.05.19"]

1. e4 e6 2. d4 d5 3. Nd2 Nf6 4. e5 Nfd7 5. Bd3 c5 6. c3 Nc6 7. Ne2 cxd4 8. cxd4
f6 9. exf6 Nxf6 10. Nf3 Bd6 11. O-O Qc7 12. h3 O-O 13. Re1 Bd7 14. Be3 Rae8 15.
Rc1 Qb8 16. Nc3 a6 17. a3 b5 18. b4 e5 19. dxe5 Nxe5 20. Nxe5 Bxe5 21. Bb1 Be6
22. Ba2 Kh8 23. Bd4 Bf7 24. Qd2 Bh2+ 25. Kh1 Bf4 26. Be3 Bxe3 27. Rxe3 Rxe3 28.
Qxe3 Re8 29. Qd4 Qd6 30. Rd1 Rd8 31. Kg1 h6 32. Re1 Qc7 33. Re5 Rd6 34. g3 Qd7
35. Kg2 Ne4 36. Bb1 Nxc3 37. Qxc3 d4 38. Qd2 d3 39. Re3 Bc4 40. Re5 Rd5 41.
Rxd5 Qxd5+ 42. f3 Qd4 43. g4 Qa1 44. Bxd3 Qd4 0-1

[Event "DEM U14 2018"]
[Site "Willingen GER"]
[Date "2018.05.24"]
[Round "7"]
[White "Bornholdt, Joa Max"]
[Black "Breitzmann, Sander"]
[Result "0-1"]
[Termination "normal"]
[Board "22"]
[WhiteElo "1672"]
[BlackElo "1858"]
[PlyCount "62"]
[WhiteFideId "16253477"]
[BlackFideId "12987085"]
[EventCountry "GER"]
[EventRounds "9"]
[EventType "swiss"]
[EventDate "2018.05.19"]

1. Nf3 Nf6 2. c4 c5 3. g3 g6 4. b3 Bg7 5. Bb2 d6 6. Bg2 Nc6 7. O-O O-O 8. e3
Bg4 9. h3 Bd7 10. d4 Qc8 11. Kh2 e5 12. dxc5 e4 13. Nfd2 Ng4+ 14. hxg4 Bxb2 15.
Nxe4 Bxa1 16. Nxd6 Qb8 17. Nd2 Bg7 18. N2e4 Qc7 19. g5 Rad8 20. Nf6+ Bxf6 21.
gxf6 b6 22. e4 Ne5 23. Qa1 Ng4+ 24. Kg1 bxc5 25. Rd1 Bc6 26. Nb5 Bxb5 27. cxb5
Rxd1+ 28. Qxd1 Nxf6 29. a4 Rd8 30. Qc2 Qd6 31. Bf3 Qd3 0-1

[Event "DEM U14 2018"]
[Site "Willingen GER"]
[Date "2018.05.24"]
[Round "7"]
[White "Klaas, Heiko"]
[Black "Sperling, Niclas"]
[Result "1-0"]
[Termination "normal"]
[Board "23"]
[WhiteElo "1773"]
[BlackElo "1548"]
[PlyCount "33"]
[WhiteFideId "16215940"]
[BlackFideId "16204000"]
[EventCountry "GER"]
[EventRounds "9"]
[EventType "swiss"]
[EventDate "2018.05.19"]

1. e4 c5 2. Nf3 Nc6 3. d4 cxd4 4. Nxd4 g6 5. Nc3 Bg7 6. Be3 Nf6 7. f3 Qb6 8.
Nf5 Qxb2 9. Nxg7+ Kf8 10. Na4 Qb4+ 11. c3 Qa5 12. Bh6 Kg8 13. Rb1 a6 14. Nb6
Rb8 15. Qd2 d6 16. Nxc8 Rxc8 17. Nf5 1-0

[Event "DEM U14 2018"]
[Site "Willingen GER"]
[Date "2018.05.25"]
[Round "8"]
[White "Dobrikov, Marco"]
[Black "Trifan, Andrei Ioan"]
[Result "0-1"]
[Termination "normal"]
[Board "1"]
[WhiteElo "2151"]
[BlackElo "2204"]
[WhiteClock "00:02:41"]
[BlackClock "00:01:34"]
[PlyCount "146"]
[WhiteFideId "12950378"]
[BlackFideId "12967068"]
[EventCountry "GER"]
[EventRounds "9"]
[EventType "swiss"]
[EventDate "2018.05.19"]

1. e4 {[%clk 1:30:56]} 1... e5 {[%clk 1:30:44]} 2. Nf3 {[%clk 1:31:22]} 2...
Nc6 {[%clk 1:31:01]} 3. Bc4 {[%clk 1:31:39]} 3... Bc5 {[%clk 1:30:31]} 4. O-O {
[%clk 1:31:51]} 4... Nf6 {[%clk 1:29:52]} 5. d3 {[%clk 1:31:57]} 5... O-O {
[%clk 1:29:22]} 6. c3 {[%clk 1:31:52]} 6... d5 {[%clk 1:29:26]} 7. exd5 { [%clk
1:32:15]} 7... Nxd5 {[%clk 1:29:43]} 8. a4 {[%clk 1:32:31]} 8... a5 { [%clk
1:28:01]} 9. Re1 {[%clk 1:30:23]} 9... Bg4 {[%clk 1:26:18]} 10. h3 { [%clk
1:28:07]} 10... Bh5 {[%clk 1:25:39]} 11. Nbd2 {[%clk 1:27:28]} 11... Nb6 {[%clk
1:24:48]} 12. Bb5 {[%clk 1:26:35]} 12... Bd6 {[%clk 1:22:09]} 13. Ne4 { [%clk
1:25:30]} 13... f5 {[%clk 1:20:19]} 14. Ng3 {[%clk 1:15:05]} 14... Bxf3 { [%clk
1:18:06]} 15. Qxf3 {[%clk 1:15:19]} 15... Ne7 {[%clk 1:17:49]} 16. Qxb7 { [%clk
0:37:28]} 16... Rb8 {[%clk 1:15:21]} 17. Qf3 {[%clk 0:37:13]} 17... c6 { [%clk
1:14:34]} 18. Bxc6 {[%clk 0:34:33]} 18... e4 {[%clk 1:13:52]} 19. Bxe4 { [%clk
0:33:35]} 19... fxe4 {[%clk 1:09:10]} 20. Qxe4 {[%clk 0:34:03]} 20... Nbd5
{[%clk 1:03:32]} 21. Qe6+ {[%clk 0:31:14]} 21... Kh8 {[%clk 0:56:25]} 22. Ne4
{[%clk 0:30:42]} 22... Rb6 {[%clk 0:52:27]} 23. Nxd6 {[%clk 0:28:45]} 23...
Rxd6 {[%clk 0:50:37]} 24. Qe4 {[%clk 0:27:03]} 24... Ng6 {[%clk 0:48:20]} 25.
d4 {[%clk 0:24:36]} 25... Ngf4 {[%clk 0:44:58]} 26. Bxf4 {[%clk 0:22:14]} 26...
Nxf4 {[%clk 0:43:54]} 27. Re3 {[%clk 0:19:05]} 27... Rg6 {[%clk 0:42:33]} 28.
Kh1 {[%clk 0:10:59]} 28... Rxg2 {[%clk 0:35:39]} 29. Rf3 {[%clk 0:09:05]} 29...
Qh4 {[%clk 0:33:08]} 30. Qe3 {[%clk 0:07:18]} 30... Rg6 {[%clk 0:27:45]} 31.
Rg1 {[%clk 0:07:11]} 31... Rxg1+ {[%clk 0:24:23]} 32. Kxg1 {[%clk 0:07:40]}
32... Qg5+ {[%clk 0:24:20]} 33. Rg3 {[%clk 0:07:42]} 33... Qh5 {[%clk 0:21:21]}
34. Kh2 {[%clk 0:04:59]} 34... Nd5 {[%clk 0:19:59]} 35. Qd2 {[%clk 0:04:35]}
35... Qf7 {[%clk 0:17:32]} 36. Kg2 {[%clk 0:03:27]} 36... Nf4+ {[%clk 0:16:45]}
37. Kh2 {[%clk 0:02:54]} 37... Nh5 {[%clk 0:16:14]} 38. Rg2 {[%clk 0:03:08]}
38... Qc7+ {[%clk 0:15:18]} 39. Kg1 {[%clk 0:03:15]} 39... Qd7 {[%clk 0:13:56]}
40. Kh2 {[%clk 0:01:12]} 40... Qd6+ {[%clk 0:12:37]} 41. Kg1 {[%clk 0:01:21]}
41... Nf4 {[%clk 0:09:59]} 42. Rg3 {[%clk 0:01:15]} 42... Qd7 {[%clk 0:02:17]}
43. Qe3 {[%clk 0:29:57]} 43... Qxa4 {[%clk 0:31:02]} 44. Rf3 {[%clk 0:21:16]}
44... Qd1+ {[%clk 0:29:40]} 45. Kh2 {[%clk 0:21:45]} 45... Ng6 {[%clk 0:29:24]}
46. Rxf8+ {[%clk 0:21:55]} 46... Nxf8 {[%clk 0:29:51]} 47. c4 {[%clk 0:19:51]}
47... h6 {[%clk 0:27:07]} 48. c5 {[%clk 0:18:57]} 48... Qc2 {[%clk 0:23:42]}
49. d5 {[%clk 0:15:26]} 49... Qxb2 {[%clk 0:20:27]} 50. c6 {[%clk 0:13:44]}
50... Qc2 {[%clk 0:16:40]} 51. Qb6 {[%clk 0:06:30]} 51... a4 {[%clk 0:13:46]}
52. d6 {[%clk 0:05:59]} 52... Qf5 {[%clk 0:09:03]} 53. Qd4 {[%clk 0:05:11]}
53... Ne6 {[%clk 0:07:14]} 54. Qe3 {[%clk 0:05:19]} 54... Qd5 {[%clk 0:06:46]}
55. d7 {[%clk 0:01:16]} 55... Qd6+ {[%clk 0:05:01]} 56. f4 {[%clk 0:00:40]}
56... Qxc6 {[%clk 0:04:31]} 57. Qxe6 {[%clk 0:00:34]} 57... Qxe6 { [%clk
0:04:47]} 58. d8=Q+ {[%clk 0:01:01]} 58... Kh7 {[%clk 0:03:48]} 59. Qd3+ {[%clk
0:00:34]} 59... Qg6 {[%clk 0:03:38]} 60. f5 60... Qf6 {[%clk 0:02:41]} 61. Kg3
{[%clk 0:00:34]} 61... h5 {[%clk 0:02:18]} 62. Kf4 {[%clk 0:00:33]} 62... g6
{[%clk 0:01:40]} 63. Qd7+ {[%clk 0:00:56]} 63... Kh6 {[%clk 0:01:49]} 64. Kg3
{[%clk 0:00:33]} 64... Qg5+ {[%clk 0:00:58]} 65. Kh2 {[%clk 0:00:58]} 65...
Qf4+ {[%clk 0:01:03]} 66. Kg2 {[%clk 0:00:33]} 66... Qe4+ {[%clk 0:01:09] } 67.
Kg3 {[%clk 0:00:33]} 67... h4+ {[%clk 0:01:11]} 68. Kh2 {[%clk 0:00:58]} 68...
Qe2+ {[%clk 0:01:29]} 69. Kg1 {[%clk 0:01:07]} 69... Qe1+ {[%clk 0:01:50] } 70.
Kg2 {[%clk 0:01:33]} 70... Qg3+ {[%clk 0:01:46]} 71. Kf1 {[%clk 0:01:59]} 71...
Qxh3+ {[%clk 0:01:42]} 72. Ke2 {[%clk 0:02:24]} 72... Qg4+ { [%clk 0:01:58]}
73. Ke1 {[%clk 0:02:41]} 73... h3 {[%clk 0:01:34]} 0-1

[Event "DEM U14 2018"]
[Site "Willingen GER"]
[Date "2018.05.25"]
[Round "8"]
[White "Krastev, Alexander"]
[Black "Kanzow, Alexander"]
[Result "1-0"]
[Termination "normal"]
[Board "2"]
[WhiteElo "2230"]
[BlackElo "1631"]
[WhiteClock "00:00:39"]
[BlackClock "00:48:26"]
[PlyCount "83"]
[WhiteFideId "12989983"]
[BlackFideId "16225414"]
[EventCountry "GER"]
[EventRounds "9"]
[EventType "swiss"]
[EventDate "2018.05.19"]

1. e4 {[%clk 1:30:58]} 1... e6 {[%clk 1:30:54]} 2. d4 {[%clk 1:31:15]} 2... d5
{[%clk 1:31:18]} 3. Nc3 {[%clk 1:31:40]} 3... Nf6 {[%clk 1:31:43]} 4. e5 {
[%clk 1:32:07]} 4... Nfd7 {[%clk 1:32:07]} 5. f4 {[%clk 1:32:33]} 5... c5 {
[%clk 1:32:32]} 6. Nf3 {[%clk 1:32:58]} 6... Nc6 {[%clk 1:32:58]} 7. Be3 {
[%clk 1:33:24]} 7... Qb6 {[%clk 1:33:23]} 8. Na4 {[%clk 1:32:50]} 8... Qa5+ {
[%clk 1:33:47]} 9. c3 {[%clk 1:33:16]} 9... cxd4 {[%clk 1:34:09]} 10. b4 {
[%clk 1:33:38]} 10... Nxb4 {[%clk 1:34:35]} 11. cxb4 {[%clk 1:34:03]} 11...
Bxb4+ {[%clk 1:34:57]} 12. Bd2 {[%clk 1:34:29]} 12... Bxd2+ {[%clk 1:35:18]}
13. Nxd2 {[%clk 1:34:51]} 13... O-O {[%clk 1:35:40]} 14. Be2 {[%clk 1:05:37]}
14... d3 {[%clk 1:36:01]} 15. Bxd3 {[%clk 1:04:04]} 15... b5 {[%clk 1:36:21]}
16. Nb2 {[%clk 1:04:11]} 16... Qb4 {[%clk 1:36:46]} 17. Qc2 {[%clk 0:45:34]}
17... Qxf4 {[%clk 1:36:53]} 18. Nf3 {[%clk 0:45:47]} 18... Nxe5 {[%clk 1:36:29]
} 19. O-O {[%clk 0:45:58]} 19... Nc4 {[%clk 1:30:00]} 20. Rf2 {[%clk 0:37:59]}
20... f5 {[%clk 1:16:24]} 21. Re1 {[%clk 0:37:02]} 21... Qd6 {[%clk 1:11:44]}
22. Qc3 {[%clk 0:27:02]} 22... Bd7 {[%clk 1:07:20]} 23. Qd4 {[%clk 0:26:09]}
23... Rfc8 {[%clk 1:03:03]} 24. Bxc4 {[%clk 0:22:02]} 24... bxc4 { [%clk
1:03:24]} 25. Nd1 {[%clk 0:22:17]} 25... Qb6 {[%clk 1:00:05]} 26. Nc3 { [%clk
0:22:06]} 26... Qxd4 {[%clk 0:59:04]} 27. Nxd4 {[%clk 0:19:56]} 27... Kf7
{[%clk 0:59:16]} 28. g4 {[%clk 0:18:15]} 28... g6 {[%clk 0:59:40]} 29. h4 {
[%clk 0:17:10]} 29... h5 {[%clk 0:58:23]} 30. g5 {[%clk 0:17:29]} 30... Rab8 {
[%clk 0:58:33]} 31. Rfe2 {[%clk 0:17:36]} 31... Re8 {[%clk 0:58:19]} 32. Kf2 {
[%clk 0:17:48]} 32... a6 {[%clk 0:57:20]} 33. Kg3 {[%clk 0:17:49]} 33... Rb6 {
[%clk 0:57:16]} 34. Kf4 {[%clk 0:17:42]} 34... Reb8 {[%clk 0:53:59]} 35. Rd2 {
[%clk 0:09:41]} 35... Re8 {[%clk 0:50:31]} 36. Ke5 {[%clk 0:09:24]} 36... Ke7 {
[%clk 0:50:37]} 37. Rb1 {[%clk 0:06:05]} 37... Reb8 {[%clk 0:50:03]} 38. Rxb6
38... Rxb6 {[%clk 0:50:32]} 39. Nde2 {[%clk 0:05:18]} 39... Bc6 {[%clk 0:49:42]
} 40. Nf4 {[%clk 0:04:21]} 40... Kf7 {[%clk 0:48:14]} 41. Nxe6 {[%clk 0:01:16]}
41... Rb8 {[%clk 0:48:26]} 42. Kd6 {[%clk 0:00:39]} 1-0